00422nam a2200169Ia 4500003000400000008004100004040001600045082001300061100001900074245005300093260003000146300000800176650001500184650001200199650001900211650002200230GCL140319s9999 xx 000 0 eng d aGCL / cGCL04a843bR H1 aRABUTIN, BUSSY10aHISTOIRE AMOAREUSE DES GOULES / cRABUTIN, BUSSY a[S.N] : bFOLIO ، c1993 a31404aLITERATURE04aFICTION04aFRENCH FICTION04aFRENCH LITERATURE